<?xml version="1.0" encoding="UTF-8"?>
<record
    xmlns:xsi="http://www.w3.org/2001/XMLSchema-instance"
    xsi:schemaLocation="http://www.loc.gov/MARC21/slim http://www.loc.gov/standards/marcxml/schema/MARC21slim.xsd"
    xmlns="http://www.loc.gov/MARC21/slim">

  <leader>01513nam a2200265 a 4500</leader>
  <controlfield tag="001">38202</controlfield>
  <controlfield tag="003">BD-RjUL</controlfield>
  <controlfield tag="005">20211209052740.0</controlfield>
  <controlfield tag="008">151005s2012    ii ||||| |||| 00| 0 eng d</controlfield>
  <datafield tag="020" ind1=" " ind2=" ">
    <subfield code="a">9789381417027</subfield>
  </datafield>
  <datafield tag="020" ind1=" " ind2=" ">
    <subfield code="a">9789381417102</subfield>
  </datafield>
  <datafield tag="035" ind1=" " ind2=" ">
    <subfield code="a">(BD-RjUL)38307</subfield>
  </datafield>
  <datafield tag="040" ind1=" " ind2=" ">
    <subfield code="a">BD-RjUL</subfield>
    <subfield code="b">eng</subfield>
    <subfield code="c">BD-RjUL</subfield>
  </datafield>
  <datafield tag="041" ind1=" " ind2=" ">
    <subfield code="a">eng</subfield>
  </datafield>
  <datafield tag="082" ind1=" " ind2=" ">
    <subfield code="2">23</subfield>
    <subfield code="a">327.5405491</subfield>
    <subfield code="b">IND 2012</subfield>
  </datafield>
  <datafield tag="245" ind1=" " ind2=" ">
    <subfield code="a">India-Pakistan relations, 1947-2007 : </subfield>
    <subfield code="b">a documentary study /</subfield>
    <subfield code="c">introduced and edited by Avtar Singh Bhasin.</subfield>
    <subfield code="n">Vol. VIII. </subfield>
    <subfield code="p">Trade and commerce; India-East Pakistan border; India-West Pakistan border</subfield>
  </datafield>
  <datafield tag="260" ind1=" " ind2=" ">
    <subfield code="a">New Delhi : </subfield>
    <subfield code="b">Geetika Publishers, </subfield>
    <subfield code="c">2012. </subfield>
  </datafield>
  <datafield tag="300" ind1=" " ind2=" ">
    <subfield code="a">various pagings ;</subfield>
    <subfield code="c">25 cm.</subfield>
  </datafield>
  <datafield tag="505" ind1=" " ind2=" ">
    <subfield code="a">Vol. I. Political relations, 1947-1954 -- vol. II. Political relations, 1955-1969 -- vol. III. Political relations, 1970-1974 -- vol. IV. Political relations, 1975-1989 -- vol. V. Political relations, 1990-2007; No war declaration -- vol. VI. Defence issues; Nuclear; Junagarh; Kashmir -- vol. VII. Kutch; Canal/Indus waters; Eastern waters -- vol. VIII. Trade and commerce; India-East Pakistan border; India-West Pakistan border -- vol. IX. Minorities; Evacuee property -- vol. X. Financial issues; Passport &amp; visa; Miscellaneous.</subfield>
  </datafield>
  <datafield tag="651" ind1=" " ind2=" ">
    <subfield code="a">India </subfield>
    <subfield code="x">Foreign relations </subfield>
    <subfield code="z">Pakistan </subfield>
    <subfield code="v">Sources. </subfield>
    <subfield code="9">118138</subfield>
  </datafield>
  <datafield tag="651" ind1=" " ind2=" ">
    <subfield code="a">Pakistan  </subfield>
    <subfield code="x">Foreign relations</subfield>
    <subfield code="z">India </subfield>
    <subfield code="v">Sources.</subfield>
    <subfield code="9">118139</subfield>
  </datafield>
  <datafield tag="651" ind1=" " ind2=" ">
    <subfield code="a">India </subfield>
    <subfield code="x">Foreign relations</subfield>
    <subfield code="y">1947-1984 </subfield>
    <subfield code="v">Sources</subfield>
    <subfield code="9">118140</subfield>
  </datafield>
  <datafield tag="700" ind1=" " ind2=" ">
    <subfield code="a">Bhasin, Avtar Singh </subfield>
    <subfield code="9">118119</subfield>
  </datafield>
  <datafield tag="942" ind1=" " ind2=" ">
    <subfield code="2">ddc</subfield>
    <subfield code="c">BK</subfield>
  </datafield>
  <datafield tag="999" ind1=" " ind2=" ">
    <subfield code="c">38202</subfield>
    <subfield code="d">38202</subfield>
  </datafield>
  <datafield tag="952" ind1=" " ind2=" ">
    <subfield code="0">0</subfield>
    <subfield code="1">0</subfield>
    <subfield code="2">ddc</subfield>
    <subfield code="4">0</subfield>
    <subfield code="7">1</subfield>
    <subfield code="8">NFIC</subfield>
    <subfield code="a">RUCL</subfield>
    <subfield code="b">RUCL</subfield>
    <subfield code="c">Rare</subfield>
    <subfield code="d">2015-10-05</subfield>
    <subfield code="e">RUCL</subfield>
    <subfield code="g">0.00</subfield>
    <subfield code="l">0</subfield>
    <subfield code="o">RA 327.5405491 IND V-8 2012</subfield>
    <subfield code="r">2015-10-05 00:00:00</subfield>
    <subfield code="t">C-1</subfield>
    <subfield code="w">2015-10-05</subfield>
    <subfield code="y">BK</subfield>
  </datafield>
</record>
